Sports Quiz

Random Sports or MLB Quiz

1 Minute Challenge - Top MLB Players Ever (Hitters) Quiz Stats

Quiz not verified by Sporcle

Challenge
Share
Tweet
Embed
Score 0/10 Timer 01:00
0 Plays Today
Position Positioned Player (Hitter) % Correct
1.Babe Ruth
98.8%
2.Barry Bonds
83.3%
4.Willie Mays
83%
3.Ty Cobb
78.7%
5.Hank Aaron
78.7%
6.Honus Wagner
60.2%
9.Stan Musial
59.6%
8.Rogers Hornsby
50.3%
7.Tris Speaker
42%
10.Eddie Collins
24.1%

You're not logged in!

Compare scores with friends on all Sporcle quizzes.
Sign Up with Email
OR
Log In

You Might Also Like...

Show Comments

Extras

Top Quizzes Today


Score Distribution

Your Account Isn't Verified!

In order to create a playlist on Sporcle, you need to verify the email address you used during registration. Go to your Sporcle Settings to finish the process.